Historia del dinero /

Historia del dinero, la cual representa la historia de los esfuerzos, tentativas y ensayos realizados por los hombres y gobiernos para conseguir la estabilidad económica que hasta ahora para inalcanzable. La política monetaria de todas las potencias se explica por ese mismo anhelo.

Uloženo v:
Podrobná bibliografie
Hlavní autor: Alba, Víctor (autor)
Médium: Kniha
Jazyk:španělština
Vydáno: México : Patria, 1955, c1955
Edice:(Cultura para Todos ; 33)
Témata:
Tagy: Přidat tag
Žádné tagy, Buďte první, kdo vytvoří štítek k tomuto záznamu!

MARC

LEADER 00000nam^a2200000^a^4500
001 000125980
005 20250521000000.0
009 20260526123336.135
037 |a Acervo ITESO - Biblioteca 
041 |a ESP 
082 |a 332. 49  |b ALB 
100 |a Alba, Víctor  |e (autor) 
245 1 0 |a Historia del dinero /  |c V. Alba. 
264 4 |a México :  |b Patria,  |c 1955, c1955 
300 |a 118 p. 
336 |a texto  |b txt  |2 rdacontenido 
337 |a sin mediación  |b n  |2 rdamedio 
338 |a volumen  |b nc  |2 rdasoporte 
440 1 |a (Cultura para Todos ;  |v 33) 
520 |a Historia del dinero, la cual representa la historia de los esfuerzos, tentativas y ensayos realizados por los hombres y gobiernos para conseguir la estabilidad económica que hasta ahora para inalcanzable. La política monetaria de todas las potencias se explica por ese mismo anhelo. 
649 |a XX 
650 |a Trueque -  |x Historia 
650 |a Dinero -  |x Historia 
650 |a Dinero -  |x Historia 
650 |a Política Monetaria -  |x Historia 
650 |a Economía -  |x Historia 
650 |a Numismática 
910 |a Fondo Salvador Reynoso Reynoso 
920 |a Impresos - Libros 
930 |a Fondos Especiales 
905 |a 112 
901 |a 0800008577  |b IT2  |c ESP  |u 20250521 
902 |a https://opac.biblio.iteso.mx/vufind/Record/000125980